000 01308nam a2200337Ia 4500
001 ebr10229867
003 CaPaEBR
006 m u
007 cr cn|||||||||
008 070904s2007 enk sb 001 0 eng d
020 _z033522539X (hbk.)
020 _z9780335225392 (hbk.)
020 _z0335225381 (pbk.)
020 _z9780335225385 (pbk.)
020 _z9780335235216
040 _aCaPaEBR
_cCaPaEBR
035 _a(OCoLC)568360627
050 1 4 _aLB1731.4
_b.P37 2007eb
100 1 _aPask, Roger.
245 1 0 _aMentoring-coaching
_h[electronic resource] :
_ba guide for education professionals /
_cRoger Pask and Barrie Joy.
260 _aMaidenhead, England ;
_aNew York :
_bMcGraw Hill/Open University Press,
_c2007.
300 _aix, 261 p.
504 _aIncludes bibliographical references (p. [249]-251) and index.
533 _aElectronic reproduction.
_bPalo Alto, Calif. :
_cebrary,
_d2009.
_nAvailable via World Wide Web.
_nAccess may be limited to ebrary affiliated libraries.
650 0 _aMentoring in education.
650 0 _aEducation.
655 7 _aElectronic books.
_2local
700 1 _aJoy, Barrie.
710 2 _aebrary, Inc.
856 4 0 _uhttp://site.ebrary.com/lib/rucke/Doc?id=10229867
_zAn electronic book accessible through the World Wide Web; click to view
999 _c39146
_d39146